| 000 | 00554nam a2200205 a 4500 | ||
|---|---|---|---|
| 005 | 20210223124956.0 | ||
| 008 | 030602s1996 es r 000 0 spa d | ||
| 020 | _a8481641057 | ||
| 035 | _aUPN01000124867 | ||
| 049 | _aCG | ||
| 050 | 4 |
_aHQ32 _bF6.6 |
|
| 100 | 1 |
_aForcano, Benjamín, _d1934- |
|
| 245 | 1 | 0 |
_aNueva ética sexual / _cBenjamín Forcano. |
| 260 |
_aMadrid : _bTrotta, _c1996. |
||
| 300 | _a452 p. | ||
| 440 | 0 |
_aEstructuras y procesos. _pReligión |
|
| 650 | 4 |
_aETICA SEXUAL _914546 |
|
| 650 | 4 |
_aSEXO Y RELIGION _924697 |
|
| 905 | _aLibro | ||
| 999 |
_c97046 _d97046 |
||